000
00263nam a22001217a 4500
008
180220b xxu||||| |||| 00| 0 eng d
041
_a
eng
080
_a
33
100
_a
52
101
_a
EKO
245
_a
Surveys of economic theory
_c
MILLAN,M
942
_2
udc
_c
BK
999
_c
42948
_d
42948